Responses for show #5467 - Tuesday, May 20, 2008

Larissa Kelly game 1.

Contestants

[<< previous game]

Larissa Kelly, a grad student from El Cerrito, California

Ameet Shukla, a physician assistant from Phoenix, Arizona

Mary Kay Schmidt, a housewife and volunteer from Wisconsin Rapids, Wisconsin (whose 1-day cash winnings total $22,400)

[next game >>]

Jeopardy! Round responses

WORLD CITIES
SHOTS HEARD AROUND THE WORLD
MODES OF TRANSPORT
TIME TO GET SIMON-IZED
ON THE STAGE
ON THE "WAR"PATH
    $200 1
Beijing

Ameet
    $200 16
Babe Ruth

Mary Kay
    $200 19
fire trucks

Mary Kay
    $200 20
Simon Cowell

Mary Kay
    $200 6
Rent

Larissa
    $200 11
Andy Warhol

Mary Kay
    $400 2
Khartoum

Larissa
    $400 17
Jack Nicklaus

Mary Kay
    $400 26
a (nuclear) submarine

Mary Kay
    $400 21
Paul Simon

Larissa
    $400 7
Little Shop of Horrors

Mary Kay
    $400 12
warm-blooded

Mary Kay
    $600 3
Helsinki

Larissa
    $600 18
Magic Johnson

Larissa
    $600 30
whaling ships

Mary Kay
    $600 22
Simon Legree

Larissa
    $600 8
Gilbert & Sullivan

Mary Kay
    $600 13
Kurt Warner

Mary Kay
    $800 4
Martinique

Larissa
    $800 25
George Foreman

Ameet
    $800 29
horseless carriages

Larissa
    $800 23
Neil Simon

Larissa
    $800 9
Peter Shaffer

Larissa
    $800 14
Earl Warren

Mary Kay
    $1000 5
Cologne

Mary Kay
    $1000 27
Brandi Chastain

Larissa
    $1000 28
Chuck Yeager

Mary Kay
    $1000 24
Simon Wiesenthal

Mary Kay
    $1000 10
Hair

Larissa
    $2,000 15
the Warsaw Pact

Mary Kay

Scores at the first commercial break (after clue 15):

Mary Kay Ameet Larissa
$6,000 $200 $3,800

Scores at the end of the Jeopardy! Round:

Mary Kay Ameet Larissa
$10,000 $1,000 $8,000

Double Jeopardy! Round responses

GENERAL SCIENCE
GET YOUR MOVIE FACTS STRAIGHT
SHAKESPEAREAN PHRASES
A WHITE CATEGORY
MAMMALS
"T" TIME
    $400 1
the Big Bang

Mary Kay
    $400 7
Kate Hudson

Larissa
    $400 12
Julius Caesar

Mary Kay
    $400 15
Jack the Ripper

Mary Kay
    $400 21
lions

Larissa
    $400 2
tightrope

Ameet
    $800 3
(Ameet: What is hydrogen?)

water

AmeetLarissa
    $800 8
There Will Be Blood

Larissa
    $800 14
Romeo & Juliet

Mary Kay
    $800 16
white dwarf

Larissa
    $800 22
hog

Larissa
    $800 13
(Ameet: What is sign language?)

typing

Ameet
Triple Stumper
    $1200 4
igneous

Larissa
    $1200 9
Atonement

Larissa
    $1200 17
The Taming of the Shrew

Larissa
    $1200 20
ivory

Ameet
    $1200 23
rodent

Ameet
    $1200 28
(Ameet: What is trek?)

trip

Ameet
Triple Stumper
    $8,000 5
infra-red

Larissa
    $1600 10
Javier Bardem

Mary Kay
    $7,000 18
Macbeth

Larissa
    $1600 25
Holstein

Larissa
    $1600 24
armadillo

Mary Kay
    $1600 29
taro

Mary Kay
    $2000 6
geriatrics

Larissa
    $2000 11
The Spiderwick Chronicles

Larissa
    $2000 19
The Two Gentlemen of Verona

Larissa
    $2000 26
The Woman in White

Larissa
    $2000 27
rhinoceros

Mary Kay
    $2000 30
tanager

Larissa

Scores at the end of the Double Jeopardy! Round:

Mary Kay Ameet Larissa
$18,800 $1,000 $42,200
(lock game)

[wagering suggestions for these scores]

Final Jeopardy! Round responses

CHILDREN'S AUTHORS
AmeetWho is ?
$200
Mary KayWho is J.M. Barrie?
$18,000
LarissaWho is J.M. Barrie?
$3,000
J.M. Barrie

Final scores:

Mary Kay Ameet Larissa
$36,800 $800 $45,200
2nd place: $2,000 3rd place: $1,000 New champion: $45,200

Game dynamics:

Coryat scores:

Mary Kay Ameet Larissa
$17,800 $1,000 $30,400
24 R
(including 1 DD),
0 W
5 R,
3 W
29 R
(including 2 DDs),
0 W

Combined Coryat: $49,200

The J! Archive is created by fans, for fans. The Jeopardy! game show and all elements thereof, including but not limited to copyright and trademark thereto, are the property of Jeopardy Productions, Inc. and are protected under law. This website is not affiliated with, sponsored by, or operated by Jeopardy Productions, Inc. Join the discussion at JBoard.tv.